00738 2200265 4500001002100000005001500021035002000036007000300056040001700059100003500076245008300111300003200194041000800226082000600234084001200240090001700252264004600269336002100315337003000336338002300366650001100389850001000400008004100410990002100451INLIS00000000000651120260412124513 a0010-0422000116ta aSBPUPADbind aBappeda Kota PadangePengarang1 aLubuk Kilangan Dalam Angka :bLubuk Kilangan In Figures /cBappeda Kota Padang ai, 79 hlm. :bilus. ;c21cm0 aind aR aR BAP p aR BAP p L1-2 a.--Padang :bBadan Pusat Statistik,c2008 2rdacontentaTeks 2rdamediaaTanpa Perantara 2rdacarrieravolume 4aProfil aPUPAD260412 0  a11956/S/KAPD2010